[Event "IX Weekend A"]
[Site "Vignola ITA"]
[Date "2010.11.14"]
[Round "5"]
[White "Venturelli, Ester"]
[Black "Vandelli, Mattia"]
[Result "1/2-1/2"]
[WhiteElo "1559"]
[BlackElo "1560"]
[PlyCount "38"]
[EventDate "2010.11.12"]

1. e4 e5 2. Nf3 Nc6 3. d4 exd4 4. Nxd4 Bc5 5. Be3 Nxd4 6. Bxd4 Bxd4 7. Qxd4 Qf6
8. Qxf6 Nxf6 9. Nc3 d6 10. Bc4 Be6 11. Bxe6 fxe6 12. O-O O-O 13. Rfe1 e5 14. f3
Rad8 15. Rad1 a6 16. a3 Rfe8 17. Nd5 Nxd5 18. Rxd5 Rf8 19. Rd3 Rfe8 1/2-1/2

[Event "IX Weekend B"]
[Site "Vignola ITA"]
[Date "2010.11.12"]
[Round "1"]
[White "Faglioni, Isacco"]
[Black "Degli Esposti, Eloisa"]
[Result "1-0"]
[WhiteElo "1476"]
[BlackElo "1419"]
[PlyCount "59"]
[EventDate "2010.11.12"]

1. e4 e5 2. Nf3 Nc6 3. Bc4 Nf6 4. Ng5 Bc5 5. Nxf7 Qe7 6. Nxh8 Nxe4 7. d4 exd4
8. O-O d6 9. Re1 Qh4 10. Bg5 Qxg5 11. Rxe4+ Ne5 12. Nf7 Qf5 13. Re2 Be6 14.
Bxe6 Qxe6 15. Ng5 Qf5 16. Ne4 Bb6 17. Ng3 Qf4 18. c3 dxc3 19. Nxc3 Kf8 20. Qd2
Re8 21. Qxf4+ Kg8 22. Rae1 h6 23. Nd5 c6 24. Nxb6 axb6 25. Rxe5 dxe5 26. Rxe5
Rd8 27. Re7 Rd1+ 28. Nf1 Rd5 29. Qf7+ Kh7 30. Qxg7# 1-0

[Event "IX Weekend B"]
[Site "Vignola ITA"]
[Date "2010.11.12"]
[Round "1"]
[White "Landi, Andrea"]
[Black "Trenti, Matteo"]
[Result "0-1"]
[WhiteElo "1880"]
[BlackElo "1497"]
[PlyCount "96"]
[EventDate "2010.11.12"]

1. d4 Nf6 2. e3 e6 3. Bd3 d5 4. Nf3 Nc6 5. Nc3 Be7 6. Bb5 Bd7 7. O-O O-O 8. a4
a6 9. Bd3 Nb4 10. Ng5 h6 11. f4 Nxd3 12. Qxd3 hxg5 13. fxg5 Nh7 14. e4 Bxg5 15.
exd5 exd5 16. Nxd5 Bc6 17. Ne3 Re8 18. Nf5 Bxc1 19. Rfxc1 Qg5 20. Qf1 Bxg2 21.
Qxg2 Qxf5 22. Rf1 Qg5 23. Rf2 Qxg2+ 24. Kxg2 Rad8 25. c3 b6 26. Kg3 Nf6 27. h4
Ne4+ 28. Kf3 Nxf2 29. Kxf2 Re4 30. h5 Rde8 31. Rh1 Re2+ 32. Kf3 Rxb2 33. h6 g6
34. h7+ Kg7 35. Kg4 Rh8 36. d5 Rd2 37. c4 Rxh7 38. Re1 f5+ 39. Kg3 Rh5 40. Kf4
Rd4+ 41. Ke5 Re4+ 42. Rxe4 fxe4+ 43. Kxe4 Rf5 44. a5 bxa5 45. c5 a4 46. c6 a3
47. d6 cxd6 48. c7 Rc5 0-1

[Event "IX Weekend B"]
[Site "Vignola ITA"]
[Date "2010.11.12"]
[Round "1"]
[White "Petrella, Alessandro"]
[Black "Menduni, Alessandro"]
[Result "0-1"]
[WhiteElo "1356"]
[BlackElo "1446"]
[PlyCount "34"]
[EventDate "2010.11.12"]

1. e4 e5 2. Bc4 Nf6 3. d3 h6 4. Nf3 Nc6 5. Nc3 Bc5 6. Nh4 d6 7. Nd5 Be6 8.
Nxf6+ Qxf6 9. O-O Bxc4 10. dxc4 Qxh4 11. g3 Qf6 12. a4 O-O 13. Rb1 Nd4 14. c3
Nf3+ 15. Kg2 Ng5 16. Kg1 Qf3 17. Qe1 Nh3# 0-1

[Event "IX Weekend B"]
[Site "Vignola ITA"]
[Date "2010.11.12"]
[Round "1"]
[White "Petrella, Simone"]
[Black "Degli Esposti, Eugenio"]
[Result "0-1"]
[WhiteElo "1413"]
[BlackElo "1461"]
[PlyCount "90"]
[EventDate "2010.11.12"]

1. e4 Nf6 2. Nc3 d5 3. Nxd5 Nxe4 4. Nc3 Qd4 5. Qe2 Bf5 6. Nf3 Nxc3 7. Nxd4 Nxe2
8. Nxf5 Nxc1 9. Rxc1 e6 10. Ne3 Nc6 11. Bb5 Bd6 12. d4 O-O 13. c3 Ne7 14. O-O
Bf4 15. Rce1 Nd5 16. Nxd5 exd5 17. Bd3 Rfe8 18. g3 Bd6 19. Re3 Rxe3 20. fxe3
Re8 21. Re1 g6 22. Kg2 f5 23. h3 f4 24. gxf4 Bxf4 25. e4 dxe4 26. Bxe4 Kg7 27.
Kf3 g5 28. Re2 b6 29. b3 h6 30. c4 Bd6 31. Kg2 a5 32. Kf3 Rf8+ 33. Kg2 Rf4 34.
d5 Kf6 35. Bf3 Be5 36. Bg4 Rd4 37. Kf3 Rd3+ 38. Ke4 Rc3 39. Rf2+ Bf4 40. Re2 a4
41. Kd4 Rg3 42. bxa4 Ra3 43. Bd7 Bd6 44. Re3 Bc5+ 45. Ke4 Rxe3# 0-1

[Event "IX Weekend B"]
[Site "Vignola ITA"]
[Date "2010.11.12"]
[Round "1"]
[White "Venturelli, Sara"]
[Black "Cartegni, Aldo"]
[Result "0-1"]
[WhiteElo "1455"]
[BlackElo "1395"]
[PlyCount "60"]
[EventDate "2010.11.12"]

1. e4 e5 2. Nf3 Nc6 3. Bc4 Bc5 4. Nxe5 Nxe5 5. d4 Nxc4 6. dxc5 Qe7 7. Qd4 Ne5
8. Bf4 f6 9. Nc3 c6 10. Bg3 Qe6 11. b3 g5 12. h4 g4 13. Ne2 Kf7 14. Nf4 Qe8 15.
Qd6 h5 16. Nd3 Nxd3+ 17. cxd3 Nh6 18. O-O Rg8 19. Bf4 Rg6 20. Qd4 Qd8 21. Qe3
Ng8 22. e5 f5 23. Bg5 Qe8 24. Qf4 Qe6 25. Rfe1 Ne7 26. Bxe7 Kxe7 27. g3 b6 28.
cxb6 axb6 29. Qb4+ c5 30. Qe4 fxe4 0-1

[Event "IX Weekend B"]
[Site "Vignola ITA"]
[Date "2010.11.14"]
[Round "2"]
[White "Cartegni, Aldo"]
[Black "Trenti, Filippo"]
[Result "1-0"]
[WhiteElo "1395"]
[BlackElo "1491"]
[PlyCount "79"]
[EventDate "2010.11.12"]

1. e4 e6 2. d4 d5 3. e5 c5 4. c3 Qb6 5. a3 Nc6 6. Nf3 Nh6 7. a4 Nf5 8. Bb5 c4
9. O-O a6 10. Bxc6+ bxc6 11. Nbd2 Be7 12. b3 cxb3 13. Nxb3 Rb8 14. Rb1 a5 15.
Nfd2 Ra8 16. f4 Ne3 17. Qe1 Nxf1 18. Qxf1 Ba6 19. Qf2 Bc4 20. Nxc4 dxc4 21. Nd2
Qa7 22. Nxc4 Rd8 23. Be3 Qa6 24. Nd2 Qd3 25. Rb3 Bh4 26. g3 Be7 27. c4 Qc2 28.
c5 Qd1+ 29. Qf1 Qxf1+ 30. Kxf1 f6 31. Nc4 fxe5 32. fxe5 h6 33. Nxa5 Ra8 34. Bd2
Rf8+ 35. Ke2 Bg5 36. Bc3 Kd7 37. h4 Bd8 38. Nc4 Rxa4 39. Rb7+ Kc8 40. Nd6# 1-0

[Event "IX Weekend B"]
[Site "Vignola ITA"]
[Date "2010.11.13"]
[Round "2"]
[White "Degli Esposti, Eloisa"]
[Black "Landi, Andrea"]
[Result "1-0"]
[WhiteElo "1419"]
[BlackElo "1880"]
[PlyCount "37"]
[EventDate "2010.11.12"]

1. e4 e5 2. Nf3 Nc6 3. Nc3 Nf6 4. Bb5 a6 5. Bxc6 bxc6 6. Nxe5 d5 7. d3 Bg4 8.
f3 Bh5 9. Bg5 Be7 10. O-O O-O 11. Nxc6 Qd7 12. Ne5 h6 13. Nxd7 Rfe8 14. Bxf6
Bc5+ 15. d4 Bxd4+ 16. Qxd4 c6 17. Bxg7 Kh7 18. exd5 Rg8 19. Nf6+ 1-0

[Event "IX Weekend B"]
[Site "Vignola ITA"]
[Date "2010.11.13"]
[Round "2"]
[White "Menduni, Alessandro"]
[Black "Molinelli, Luigi"]
[Result "1-0"]
[WhiteElo "1446"]
[BlackElo "1283"]
[PlyCount "89"]
[EventDate "2010.11.12"]

1. e4 c5 2. Bc4 e6 3. e5 a6 4. a4 Nc6 5. d3 Be7 6. Be3 Nxe5 7. d4 Nxc4 8. Qd3
d5 9. dxc5 Qc7 10. b4 Ne5 11. Qc3 Bf6 12. Bd4 Ne7 13. f4 Ng4 14. Bxf6 Nxf6 15.
Nf3 Qxf4 16. O-O Qh6 17. Na3 O-O 18. b5 Bd7 19. Ne5 axb5 20. Nxd7 Nxd7 21. Nxb5
Rfc8 22. Qf3 Ne5 23. Qa3 N7c6 24. Rae1 Nd7 25. Nd6 Rf8 26. Nxb7 f5 27. a5 Qf6
28. Nd6 Qd4+ 29. Kh1 Rf6 30. Nb5 Qh4 31. Nc7 Rh6 32. h3 Rf8 33. Nxe6 Rff6 34.
Qe3 Rxe6 35. Qxe6+ Rxe6 36. Rxe6 Qh5 37. Rxc6 Qe8 38. Rxf5 Nf6 39. Rd6 Qa8 40.
a6 Ne4 41. Rfxd5 Nxd6 42. Rxd6 Qf8 43. Kg1 Kf7 44. a7 Qe7 45. a8=Q 1-0

[Event "IX Weekend B"]
[Site "Vignola ITA"]
[Date "2010.11.13"]
[Round "2"]
[White "Wang, Cesare"]
[Black "Frigieri, Simone"]
[Result "0-1"]
[WhiteElo "1488"]
[BlackElo "1461"]
[PlyCount "74"]
[EventDate "2010.11.12"]

1. e4 e5 2. Nf3 d6 3. Bc4 Nc6 4. h3 Be7 5. d3 Na5 6. Bb3 Nxb3 7. axb3 Be6 8.
Nc3 Qd7 9. Be3 a6 10. d4 exd4 11. Bxd4 Nf6 12. Ng5 O-O 13. O-O h6 14. Nxe6 fxe6
15. e5 Nd5 16. Nxd5 exd5 17. c4 dxe5 18. Bxe5 c6 19. Qd3 Rad8 20. Qg3 Bc5 21.
Rae1 Rf5 22. Bf4 Rdf8 23. Be3 Bxe3 24. fxe3 Rxf1+ 25. Rxf1 Rxf1+ 26. Kxf1 dxc4
27. bxc4 b5 28. cxb5 cxb5 29. Qe1 Qf5+ 30. Kg1 Qe4 31. Kh1 b4 32. Qc1 a5 33.
Kg1 a4 34. Kf2 Kh8 35. Kg1 a3 36. bxa3 b3 37. Qb2 Qc2 0-1

[Event "IX Weekend B"]
[Site "Vignola ITA"]
[Date "2010.11.13"]
[Round "3"]
[White "Faglioni, Isacco"]
[Black "Cartegni, Aldo"]
[Result "0-1"]
[WhiteElo "1476"]
[BlackElo "1395"]
[PlyCount "74"]
[EventDate "2010.11.12"]

1. e4 e5 2. Nf3 Nc6 3. Bc4 Bc5 4. c3 d6 5. d4 Bb6 6. O-O Bg4 7. Qd3 f6 8. h3
Bh5 9. Nh4 Nge7 10. Be3 g5 11. Nf5 Nxf5 12. exf5 d5 13. Bb5 e4 14. Bxc6+ bxc6
15. Qd2 h6 16. Na3 a5 17. c4 Qd7 18. c5 Ba7 19. g4 Bf7 20. Qxa5 Ke7 21. Qd2 h5
22. Rae1 hxg4 23. hxg4 Kf8 24. Kg2 Kg7 25. Rh1 Rab8 26. Bxg5 Rxh1 27. Rxh1 Bg6
28. Bf4 Bf7 29. g5 Qxf5 30. gxf6+ Kxf6 31. Rh6+ Bg6 32. Bxc7 Rb7 33. Be5+ Kf7
34. Qa5 Qg5+ 35. Kf1 Qxh6 36. Qd8 Qh1+ 37. Ke2 Rxb2+ 0-1

[Event "IX Weekend B"]
[Site "Vignola ITA"]
[Date "2010.11.13"]
[Round "3"]
[White "Frigieri, Simone"]
[Black "Menduni, Alessandro"]
[Result "1-0"]
[WhiteElo "1461"]
[BlackElo "1446"]
[PlyCount "51"]
[EventDate "2010.11.12"]

1. e4 e5 2. f4 Nc6 3. Nf3 f6 4. fxe5 fxe5 5. Bc4 Nf6 6. Nc3 Bc5 7. d3 h6 8. Na4
Be7 9. Be3 a6 10. Nc3 d6 11. h3 Na5 12. Bb3 Nxb3 13. axb3 Bd7 14. O-O Bb5 15.
Rf2 Nh5 16. Nxe5 dxe5 17. Qxh5+ Kd7 18. Qf5+ Ke8 19. Qxe5 c6 20. Raf1 Rc8 21.
Rf7 a5 22. Bc5 Rc7 23. Bb6 Kd7 24. Bxc7 Qxc7 25. Qxe7+ Kc8 26. Qxc7# 1-0

[Event "IX Weekend B"]
[Site "Vignola ITA"]
[Date "2010.11.13"]
[Round "3"]
[White "Landi, Andrea"]
[Black "Petrella, Alessandro"]
[Result "0-1"]
[WhiteElo "1880"]
[BlackElo "1356"]
[PlyCount "46"]
[EventDate "2010.11.12"]

1. e4 e5 2. Nf3 Nc6 3. Bc4 Bc5 4. O-O Qf6 5. d3 Qg6 6. Be3 Bxe3 7. fxe3 d6 8.
g3 Na5 9. Nh4 Qh6 10. Qe1 Nxc4 11. dxc4 Bh3 12. Ng2 Nf6 13. Rf2 Ng4 14. Rf5
Bxg2 15. Kxg2 Qxh2+ 16. Kf3 g6 17. Kxg4 gxf5+ 18. exf5 Rg8+ 19. Kf3 Qh5+ 20.
Ke4 Qg4+ 21. Kd3 e4+ 22. Kd4 Qxf5 23. Nc3 Qe5# 0-1

[Event "IX Weekend B"]
[Site "Vignola ITA"]
[Date "2010.11.13"]
[Round "3"]
[White "Molinelli, Luigi"]
[Black "Wang, Cesare"]
[Result "1-0"]
[WhiteElo "1283"]
[BlackElo "1488"]
[PlyCount "95"]
[EventDate "2010.11.12"]

1. d4 d5 2. Nf3 Nc6 3. Bf4 Bf5 4. Nc3 Nf6 5. Qd2 e6 6. a3 Bd6 7. Bxd6 cxd6 8.
e3 O-O 9. Bb5 a6 10. Ba4 b5 11. Bb3 Qe7 12. O-O Ne4 13. Nxe4 Bxe4 14. Ne1 Qg5
15. f3 Bg6 16. f4 Qe7 17. Nf3 Be4 18. Ng5 Bf5 19. Qf2 h6 20. Nf3 Rfc8 21. Rac1
Rc7 22. c3 Na5 23. Nd2 Nc4 24. Nxc4 dxc4 25. Ba2 d5 26. Rfe1 a5 27. g3 Rb7 28.
Bb1 Bxb1 29. Rxb1 b4 30. axb4 axb4 31. Ra1 Rxa1 32. Rxa1 Rb8 33. Qe1 b3 34. Kf2
f6 35. Ke2 e5 36. Qf2 exd4 37. cxd4 Rc8 38. Qf3 Qd6 39. Kd2 Qb4+ 40. Ke2 Rd8
41. Rc1 Kf7 42. h4 f5 43. Qh5+ Ke6 44. Qg6+ Kd7 45. Qxg7+ Kc8 46. Qxh6 c3 47.
Qc6+ Kb8 48. Rxc3 1-0

[Event "IX Weekend B"]
[Site "Vignola ITA"]
[Date "2010.11.13"]
[Round "3"]
[White "Venturelli, Sara"]
[Black "Degli Esposti, Eloisa"]
[Result "1-0"]
[WhiteElo "1455"]
[BlackElo "1419"]
[PlyCount "67"]
[EventDate "2010.11.12"]

1. e4 e5 2. Nf3 Nc6 3. Bc4 Nf6 4. d3 Bb4+ 5. Bd2 d6 6. Bb5 Bg4 7. h3 Be6 8.
Bxc6+ bxc6 9. Bxb4 c5 10. Bd2 Rb8 11. b3 O-O 12. Nc3 Rb4 13. O-O d5 14. Nxd5
Bxd5 15. exd5 Qxd5 16. Bxb4 cxb4 17. Re1 Re8 18. c4 Qc5 19. d4 Qc6 20. dxe5 Ne4
21. Qc2 f5 22. exf6 gxf6 23. Nd2 f5 24. Nxe4 fxe4 25. Re3 Re5 26. Rae1 Rg5 27.
Qxe4 Qa6 28. Qe6+ Qxe6 29. Rxe6 Kf7 30. Re7+ Kg6 31. R1e6+ Kh5 32. g4+ Kh4 33.
Rh6+ Rh5 34. Rxh5# 1-0

[Event "IX Weekend B"]
[Site "Vignola ITA"]
[Date "2010.11.14"]
[Round "4"]
[White "Cartegni, Aldo"]
[Black "Frigieri, Simone"]
[Result "0-1"]
[WhiteElo "1395"]
[BlackElo "1461"]
[PlyCount "60"]
[EventDate "2010.11.12"]

1. d4 d5 2. c4 c6 3. Nf3 Nf6 4. Nc3 Bg4 5. e3 e6 6. h3 Bh5 7. g4 Bg6 8. Nh4 Be4
9. f3 Bg6 10. Nxg6 hxg6 11. c5 Nbd7 12. Bd3 Qc7 13. f4 O-O-O 14. g5 Nh7 15. Qf3
f6 16. h4 Be7 17. Bxg6 Rdf8 18. Bxh7 Rxh7 19. g6 Rh6 20. h5 e5 21. f5 Re8 22.
e4 Rhh8 23. exd5 exd4 24. d6 Bxd6+ 25. Ne4 Nxc5 26. Kd1 Nxe4 27. Kc2 Qd7 28. b3
d3+ 29. Kxd3 Be5+ 30. Kxe4 Qd4# 0-1

[Event "IX Weekend B"]
[Site "Vignola ITA"]
[Date "2010.11.14"]
[Round "4"]
[White "Degli Esposti, Eloisa"]
[Black "Trenti, Filippo"]
[Result "0-1"]
[WhiteElo "1419"]
[BlackElo "1491"]
[PlyCount "80"]
[EventDate "2010.11.12"]

1. e4 e5 2. Nf3 Nc6 3. Nc3 Bb4 4. Bb5 Nf6 5. Bxc6 Bxc3 6. dxc3 dxc6 7. Nxe5
Qxd1+ 8. Kxd1 Nxe4 9. Bf4 Nxf2+ 10. Ke1 Nxh1 11. Ke2 O-O 12. Rxh1 Re8 13. Kd1
Be6 14. Re1 f6 15. Nd3 Bxa2 16. Rxe8+ Rxe8 17. Bxc7 Bc4 18. Nf4 g5 19. Nh5 Kf7
20. Ng3 Kg6 21. b3 Ba6 22. Kd2 h5 23. Kc1 h4 24. Nf1 Re1+ 25. Kd2 Rxf1 26. Bb8
Rf2+ 27. Ke1 Re2+ 28. Kd1 Rxg2 29. Bxa7 Rxh2 30. Bb8 Re2 31. Kc1 h3 32. Kd1 h2
33. Bxh2 Rxh2 34. Ke1 g4 35. c4 g3 36. Kf1 Kg5 37. Kg1 Kg4 38. Kf1 g2+ 39. Kg1
Kg3 40. c3 Rh1# 0-1

[Event "IX Weekend B"]
[Site "Vignola ITA"]
[Date "2010.11.14"]
[Round "4"]
[White "Degli Esposti, Eugenio"]
[Black "Venturelli, Sara"]
[Result "1/2-1/2"]
[WhiteElo "1461"]
[BlackElo "1455"]
[PlyCount "85"]
[EventDate "2010.11.12"]

1. e4 e5 2. Nf3 Nc6 3. Bc4 Nf6 4. Ng5 d5 5. exd5 Nxd5 6. Nxf7 Kxf7 7. Qf3+ Ke6
8. Nc3 Ncb4 9. Qe4 c6 10. a3 Na6 11. d4 Kf7 12. Qxe5 Nac7 13. O-O Be6 14. Bf4
Nxc3 15. Bxe6+ Nxe6 16. Qh5+ g6 17. Qf3 Nxf4 18. Qxf4+ Qf6 19. Qc7+ Qe7 20.
Qf4+ Kg8 21. bxc3 Qf7 22. Qg3 Bg7 23. f4 Qf5 24. Rf2 c5 25. Qd3 cxd4 26. cxd4
h6 27. Qb3+ Qf7 28. Qd3 Kh7 29. f5 Rhf8 30. Raf1 Rad8 31. c3 a6 32. g4 Qf6 33.
fxg6+ Qxg6 34. Qxg6+ Kxg6 35. Rxf8 Rxf8 36. Rxf8 Bxf8 37. a4 b5 38. axb5 axb5
39. Kf2 b4 40. cxb4 Bxb4 41. Ke3 Bd6 42. h4 h5 43. gxh5+ 1/2-1/2

[Event "IX Weekend B"]
[Site "Vignola ITA"]
[Date "2010.11.14"]
[Round "4"]
[White "Trenti, Matteo"]
[Black "Molinelli, Luigi"]
[Result "1-0"]
[WhiteElo "1497"]
[BlackElo "1283"]
[PlyCount "55"]
[EventDate "2010.11.12"]

1. e4 e6 2. d4 d5 3. exd5 exd5 4. Nf3 Nf6 5. Bd3 Bg4 6. O-O Nc6 7. Re1+ Be7 8.
Bb5 O-O 9. Bxc6 bxc6 10. Bg5 Qd6 11. Qe2 Rae8 12. Nbd2 Bf5 13. Bxf6 Bxf6 14.
Qxe8 h6 15. Qe3 Bd7 16. c3 Rb8 17. b3 Be6 18. Nf1 Qd7 19. Ne5 Bxe5 20. Qxe5 Qd8
21. Ng3 Qf6 22. Qxf6 gxf6 23. Re2 Re8 24. Rae1 Kh7 25. Nh5 Kg6 26. Nf4+ Kg7 27.
Nxe6+ fxe6 28. Rxe6 1-0

[Event "IX Weekend B"]
[Site "Vignola ITA"]
[Date "2010.11.14"]
[Round "5"]
[White "Cartegni, Aldo"]
[Black "Degli Esposti, Eugenio"]
[Result "1-0"]
[WhiteElo "1395"]
[BlackElo "1461"]
[PlyCount "101"]
[EventDate "2010.11.12"]

1. d4 c5 2. d5 d6 3. e4 Nf6 4. f3 g6 5. b3 Bg7 6. Bb2 O-O 7. Nc3 Qa5 8. Qd3
Nbd7 9. O-O-O Ne5 10. Qd2 b5 11. Bxb5 Bd7 12. Bxd7 Nexd7 13. Nge2 Rab8 14. Na4
Qb5 15. c4 Qa6 16. Nac3 Qb7 17. h3 Nb6 18. Qd3 Nfd7 19. f4 Bh6 20. Kc2 a5 21.
g4 Ra8 22. Nb5 a4 23. Qc3 f6 24. g5 Bg7 25. h4 Rf7 26. Qd3 Nb8 27. gxf6 exf6
28. Nxd6 Qd7 29. Nxf7 Kxf7 30. h5 Na6 31. a3 axb3+ 32. Qxb3 Qa4 33. Qxa4 Nxa4
34. hxg6+ hxg6 35. Nc3 Nb6 36. Kd3 Nc7 37. Nb5 Nxb5 38. cxb5 Ra5 39. e5 Rxb5
40. e6+ Kf8 41. Kc2 Nc4 42. Bc1 Rb6 43. Rhe1 Ke7 44. Kd3 Nd6 45. Kc2 Nf5 46.
Bb2 Bh6 47. Re4 Bxf4 48. Bxf6+ Kxf6 49. Rxf4 Ke5 50. Rxf5+ gxf5 51. e7 1-0

[Event "IX Weekend B"]
[Site "Vignola ITA"]
[Date "2010.11.14"]
[Round "5"]
[White "Frigieri, Simone"]
[Black "Faglioni, Isacco"]
[Result "0-1"]
[WhiteElo "1461"]
[BlackElo "1476"]
[PlyCount "56"]
[EventDate "2010.11.12"]

1. e4 e5 2. f4 f6 3. Nf3 Nc6 4. Bc4 Bc5 5. fxe5 fxe5 6. Nxe5 Qh4+ 7. Ke2 Qxe4+
8. Kf1 Qxe5 9. Qf3 Nf6 10. Nc3 Rf8 11. Qe2 Ne4+ 12. Ke1 Bf2+ 13. Kd1 Nxc3+ 14.
bxc3 Qxe2+ 15. Kxe2 d6 16. h3 Bd7 17. Rf1 Bg3 18. Rg1 O-O-O 19. d4 h6 20. a4 g5
21. Bd2 g4 22. Bd3 d5 23. Be4 Bf4 24. Be1 gxh3 25. gxh3 Bxh3 26. c4 h5 27. Bxd5
Rde8+ 28. Kf2 Bh2+ 0-1

[Event "IX Weekend B"]
[Site "Vignola ITA"]
[Date "2010.11.14"]
[Round "5"]
[White "Landi, Andrea"]
[Black "Wang, Cesare"]
[Result "0-1"]
[WhiteElo "1880"]
[BlackElo "1488"]
[PlyCount "74"]
[EventDate "2010.11.12"]

1. e4 e5 2. Nf3 Nc6 3. Bb5 a6 4. Bc4 Bc5 5. d3 h6 6. Nc3 Nf6 7. h3 O-O 8. b3 d6
9. Bb2 Be6 10. Qd2 Qd7 11. O-O-O b5 12. Bxe6 fxe6 13. g4 b4 14. Nb1 Qe8 15. Nh4
h5 16. f4 Nd4 17. Qg2 a5 18. c3 bxc3 19. Nxc3 g5 20. Na4 Ba7 21. Nf5 exf5 22.
gxf5 Nh7 23. h4 Kh8 24. hxg5 Rg8 25. g6 Nf6 26. Nc3 Qf8 27. Ne2 Nc6 28. Ng3
Be3+ 29. Kb1 Qh6 30. Bc1 Bxc1 31. Rxc1 Nb4 32. Rxc7 Nxd3 33. Rh7+ Nxh7 34. Nxh5
Rgc8 35. g7+ Kg8 36. Nf6+ Qxf6 37. Rxh7 Rc1# 0-1

[Event "IX Weekend B"]
[Site "Vignola ITA"]
[Date "2010.11.14"]
[Round "5"]
[White "Petrella, Alessandro"]
[Black "Degli Esposti, Eloisa"]
[Result "1/2-1/2"]
[WhiteElo "1356"]
[BlackElo "1419"]
[PlyCount "100"]
[EventDate "2010.11.12"]

1. e4 e5 2. Bc4 Nf6 3. Nc3 Nc6 4. Qe2 Bb4 5. Bb3 Nd4 6. Qc4 O-O 7. Qxb4 d6 8.
Nd5 Nxd5 9. exd5 Bf5 10. Qc3 Qh4 11. g3 Qe4+ 12. Kf1 Qxh1 13. Qxc7 Qxh2 14.
Qxd6 f6 15. Qc7 Nxb3 16. axb3 Rf7 17. Qd6 Bxc2 18. d4 exd4 19. Bd2 Bxb3 20. Ke2
Qh5+ 21. Kd3 Qf5+ 22. Kxd4 Qxf2+ 23. Kc3 Rc8+ 24. Kxb3 Qxd2 25. Qe6 Rd8 26.
Rxa7 Kf8 27. Qb6 Qxd5+ 28. Kc2 Rc8+ 29. Kb1 Qd3+ 30. Ka2 Qd5+ 31. Ka3 Rc6 32.
Qb4+ Rc5 33. Ra8+ Ke7 34. Ra5 b6 35. Ra7+ Ke8 36. Qe1+ Kd8 37. Ra6 Qd3+ 38. b3
Qxa6+ 39. Kb2 Re5 40. Qd1+ Rd7 41. Qb1 Rd2+ 42. Kc1 Rd4 43. Nf3 Qf1+ 44. Kb2
Qxf3 45. Qxh7 Qxg3 46. Qg8+ Ke7 47. Qb8 Rd2+ 48. Ka3 Ra5+ 49. Kb4 Raa2 50. Qxg3
Rd4+ 1/2-1/2

[Event "IX Weekend B"]
[Site "Vignola ITA"]
[Date "2010.11.14"]
[Round "5"]
[White "Trenti, Filippo"]
[Black "Trenti, Matteo"]
[Result "0-1"]
[WhiteElo "1491"]
[BlackElo "1497"]
[PlyCount "56"]
[EventDate "2010.11.12"]

1. e4 c5 2. Nf3 Nc6 3. c3 g6 4. d4 Bg7 5. Be3 cxd4 6. Bxd4 Nxd4 7. Nxd4 Nf6 8.
Nd2 b6 9. f3 Bb7 10. Bb5 O-O 11. Qa4 d5 12. Bc6 Bxc6 13. Nxc6 Qc7 14. O-O-O
Rfc8 15. Nb4 d4 16. Nb1 Nh5 17. Nd5 Qc5 18. b4 Qd6 19. Kb2 e6 20. g4 exd5 21.
gxh5 dxc3+ 22. Kb3 c2 23. Rc1 cxb1=Q+ 24. Rxb1 Rc3+ 25. Kb2 dxe4 26. fxe4 Qd2+
27. Ka1 Rc1+ 28. e5 Bxe5# 0-1

[Event "IX Weekend B"]
[Site "Vignola ITA"]
[Date "2010.11.14"]
[Round "5"]
[White "Venturelli, Sara"]
[Black "Menduni, Alessandro"]
[Result "1-0"]
[WhiteElo "1455"]
[BlackElo "1446"]
[PlyCount "27"]
[EventDate "2010.11.12"]

1. e4 e5 2. Nf3 Nc6 3. Bc4 Bc5 4. d3 h6 5. Nc3 d6 6. Be3 Bb6 7. d4 f6 8. Bb5
Bd7 9. O-O a6 10. Ba4 g6 11. dxe5 fxe5 12. Qd5 h5 13. Bb3 Nf6 14. Qf7# 1-0

[Event "VII C.to Italiano a squadre U16"]
[Site "Courmayeur ITA"]
[Date "2010.10.??"]
[Round "2"]
[White "Caprio, Guido"]
[Black "Innocenti, Giovanni"]
[Result "1-0"]
[WhiteElo "2265"]
[BlackElo "1969"]
[PlyCount "53"]
[EventDate "2010.10.29"]

1. d4 d5 2. c4 c6 3. Nf3 Nf6 4. Nc3 dxc4 5. a4 Bf5 6. Ne5 Nbd7 7. Nxc4 Qc7 8.
g3 e5 9. dxe5 Nxe5 10. Bf4 Nfd7 11. Bg2 f6 12. O-O Nc5 13. Qc1 Nb3 14. Nxe5
Nxc1 15. Nxc6 Nxe2+ 16. Nxe2 Qb6 17. Ncd4 g6 18. Nxf5 gxf5 19. a5 Qa6 20. Nd4
Bb4 21. Ra4 Be7 22. Re1 b5 23. Nxf5 bxa4 24. Rxe7+ Kd8 25. Bc7+ Kc8 26. Nd6+
Qxd6 27. Bxd6 1-0

[Event "C.to Provinciale KR 2011"]
[Site "Crotone ITA"]
[Date "2010.11.20"]
[Round "1"]
[White "Levato, Biagio"]
[Black "Guzzo, Giovanni"]
[Result "1-0"]
[WhiteElo "1544"]
[BlackElo "1747"]
[PlyCount "41"]
[EventDate "2010.11.20"]

1. d4 e6 2. e4 d5 3. f3 c5 4. Nc3 Nc6 5. Be3 cxd4 6. Bxd4 Nxd4 7. Qxd4 Nf6 8.
O-O-O Qa5 9. exd5 a6 10. Bc4 Bc5 11. Qh4 O-O 12. Nh3 b5 13. Bb3 b4 14. Ne4 Be3+
15. Kb1 Nxd5 16. Rhe1 Ba7 17. Nhg5 h6 18. Rxd5 exd5 19. Nf6+ Kh8 20. Nxf7+ Rxf7
21. Re8+ 1-0

[Event "C.to Provinciale KR 2011"]
[Site "Crotone ITA"]
[Date "2010.11.20"]
[Round "1"]
[White "Mano, Vincenzo"]
[Black "Grano, Giuseppe"]
[Result "1-0"]
[WhiteElo "1940"]
[BlackElo "1679"]
[PlyCount "51"]
[EventDate "2010.11.20"]

1. c4 Nf6 2. Nc3 c6 3. d4 d5 4. e3 g6 5. Bd3 Bg7 6. b3 O-O 7. h3 Nbd7 8. Nf3
Qc7 9. Bb2 a6 10. Rc1 e6 11. Qe2 Re8 12. O-O Qd6 13. Rfd1 Qb8 14. e4 e5 15.
cxd5 exd4 16. dxc6 bxc6 17. Nxd4 Bb7 18. Na4 c5 19. Nxc5 Nxc5 20. Rxc5 Nxe4 21.
Bxe4 Bxe4 22. Qc4 Qf4 23. Ne2 Qb8 24. Bxg7 Kxg7 25. Rc7 Ra7 26. Qxf7+ 1-0

[Event "C.to Provinciale KR 2011"]
[Site "Crotone ITA"]
[Date "2010.11.20"]
[Round "1"]
[White "Olivo, Paolo"]
[Black "Chiofalo, Gianfranco"]
[Result "1-0"]
[WhiteElo "1712"]
[BlackElo "1510"]
[PlyCount "49"]
[EventDate "2010.11.20"]

1. e4 e5 2. Nf3 Nc6 3. Bb5 Nf6 4. O-O Bc5 5. Bxc6 bxc6 6. Nxe5 Bd6 7. Nf3 O-O
8. e5 Be7 9. exf6 Bxf6 10. d4 Bb7 11. c4 d5 12. c5 h6 13. Nc3 Qd7 14. Ne5 Qf5
15. f4 Be7 16. Qg4 Qh7 17. Be3 Bc8 18. Qg3 h5 19. Nxc6 h4 20. Nxe7+ Kh8 21. Qf3
h3 22. Nxc8 hxg2 23. Qxg2 Raxc8 24. Rf3 Qf5 25. Qh3+ 1-0

[Event "C.to Provinciale KR 2011"]
[Site "Crotone ITA"]
[Date "2010.11.21"]
[Round "2"]
[White "Campagna, Angelo"]
[Black "Scerra, Ezio"]
[Result "1-0"]
[WhiteElo "1679"]
[BlackElo "1482"]
[PlyCount "87"]
[EventDate "2010.11.20"]

1. e4 d5 2. e5 g6 3. d4 Bg7 4. f4 Nc6 5. h3 e6 6. Nf3 Nge7 7. Bb5 O-O 8. Bxc6
bxc6 9. Be3 Nf5 10. Bf2 f6 11. Nh4 fxe5 12. Nxf5 Rxf5 13. fxe5 Qf8 14. Qe2 a5
15. b3 c5 16. O-O cxd4 17. Bxd4 Rxf1+ 18. Qxf1 Qxf1+ 19. Kxf1 c5 20. Bxc5 Bxe5
21. c3 a4 22. b4 Ba6+ 23. Ke1 Bg3+ 24. Kd2 Bf1 25. Na3 Bxg2 26. Rg1 Bf4+ 27.
Be3 Bxe3+ 28. Kxe3 Bxh3 29. b5 e5 30. Rg5 Bf5 31. c4 d4+ 32. Kd2 Kf7 33. c5 Kf6
34. Rg1 h5 35. b6 Be6 36. c6 e4 37. b7 Rb8 38. Rc1 h4 39. Nb5 h3 40. Nxd4 Bd5
41. c7 Rxb7 42. c8=Q h2 43. Ke3 Rb2 44. Qd8+ 1-0